| 000 | 00770nac a22002771i 4500 | ||
|---|---|---|---|
| 003 | EG-ScBUE | ||
| 005 | 20230604120431.0 | ||
| 008 | 221215q2005 ko a f 000 0 eng d | ||
| 020 | _a8757700102 | ||
| 020 | _a8957700080 | ||
| 040 |
_aEG-ScBUE _beng _erda _cEG-ScBUE _dEG-ScBUE |
||
| 041 | 0 |
_aeng _akor |
|
| 043 | _aa-ko--- | ||
| 082 | 0 | 4 |
_a728 _222 _bHOU |
| 245 | 0 | 0 | _aHousing 2. |
| 264 | 1 |
_aSeoul, Korea : _bArchiworld, _c[2005?] |
|
| 300 |
_a[215] pages : _bcolor illustrations ; _c31 cm |
||
| 336 |
_2rdacontent _atext _btxt |
||
| 337 |
_2rdamedia _aunmediated _bn |
||
| 338 |
_2rdacarrier _avolume _bnc |
||
| 546 | _aText in Korean and English. | ||
| 650 | 7 |
_aHousing _zKorea (South) _2BUEsh |
|
| 653 | _bENGARC | ||
| 655 | _vReading book | ||
| 942 |
_cBB _2ddc |
||
| 999 |
_c3599 _d3599 |
||